<?xml version='1.0' encoding='UTF-8'?>
  <record xmlns="http://www.loc.gov/MARC21/slim">
    <leader>00000cam a22000007i 4500</leader>
    <controlfield tag="001">ocn967533620</controlfield>
    <controlfield tag="003">OCoLC</controlfield>
    <controlfield tag="005">20250115012116.8</controlfield>
    <controlfield tag="008">991018s1698    ne            000 0 fre d</controlfield>
    <datafield tag="040" ind1=" " ind2=" ">
      <subfield code="a">QGJ</subfield>
      <subfield code="b">eng</subfield>
      <subfield code="e">rda</subfield>
      <subfield code="e">dcrmb</subfield>
      <subfield code="c">QGJ</subfield>
      <subfield code="d">QGJ</subfield>
      <subfield code="d">OCLCQ</subfield>
      <subfield code="d">OCLCL</subfield>
      <subfield code="d">OCLCQ</subfield>
    </datafield>
    <datafield tag="026" ind1=" " ind2=" ">
      <subfield code="e">169812 - a1 *2 t$d : *a2 *6 ene - b1 A $ : b2 2A3 des.</subfield>
      <subfield code="2">stcnf</subfield>
    </datafield>
    <datafield tag="035" ind1=" " ind2=" ">
      <subfield code="a">(OCoLC)967533620</subfield>
    </datafield>
    <datafield tag="082" ind1="0" ind2="4">
      <subfield code="a">704.5</subfield>
      <subfield code="q">OCoLC</subfield>
    </datafield>
    <datafield tag="100" ind1="1" ind2=" ">
      <subfield code="a">Ripa, Cesare,</subfield>
      <subfield code="d">1560-1645,</subfield>
      <subfield code="e">author.</subfield>
      <subfield code="4">aut</subfield>
      <subfield code="1">https://id.oclc.org/worldcat/entity/E39PBJmtyGQBFGM9VjfDBPV6Kd</subfield>
    </datafield>
    <datafield tag="240" ind1="1" ind2="0">
      <subfield code="a">Iconologia.</subfield>
      <subfield code="l">French</subfield>
    </datafield>
    <datafield tag="245" ind1="1" ind2="0">
      <subfield code="a">Iconologie où la science des emblèmes, devises, &amp;c. qui apprend à les expliquer dessiner et inventer :</subfield>
      <subfield code="b">ouvrage très utile aux orateurs, poëtes, peintres ... /</subfield>
      <subfield code="c">enrichie &amp; augmentée d'un grand nombre de figures avec des moralités, tirées la pluspart de Cesar Ripa par J. B. [= Jean Baudoin].</subfield>
    </datafield>
    <datafield tag="264" ind1=" " ind2="1">
      <subfield code="a">A Amsterdam :</subfield>
      <subfield code="b">chez Adrian Braakman ...,</subfield>
      <subfield code="c">1698.</subfield>
    </datafield>
    <datafield tag="300" ind1=" " ind2=" ">
      <subfield code="a">2 dl. ([24], 550, [12] p.) ;</subfield>
      <subfield code="c">16 cm</subfield>
    </datafield>
    <datafield tag="336" ind1=" " ind2=" ">
      <subfield code="a">text</subfield>
      <subfield code="b">txt</subfield>
      <subfield code="2">rdacontent</subfield>
    </datafield>
    <datafield tag="337" ind1=" " ind2=" ">
      <subfield code="a">unmediated</subfield>
      <subfield code="b">n</subfield>
      <subfield code="2">rdamedia</subfield>
    </datafield>
    <datafield tag="338" ind1=" " ind2=" ">
      <subfield code="a">volume</subfield>
      <subfield code="b">nc</subfield>
      <subfield code="2">rdacarrier</subfield>
    </datafield>
    <datafield tag="340" ind1=" " ind2=" ">
      <subfield code="m">12-o.</subfield>
    </datafield>
    <datafield tag="562" ind1=" " ind2=" ">
      <subfield code="a">Emblem Books (6 microfiches).</subfield>
      <subfield code="5">NL-UtRU</subfield>
    </datafield>
    <datafield tag="510" ind1="4" ind2=" ">
      <subfield code="a">Landwehr, J. Emblem books in the Low Countries 1554-1949,</subfield>
      <subfield code="c">571</subfield>
    </datafield>
    <datafield tag="510" ind1="4" ind2=" ">
      <subfield code="a">National union catalog, pre-1956 imprints,</subfield>
      <subfield code="c">496, 89</subfield>
    </datafield>
    <datafield tag="510" ind1="4" ind2=" ">
      <subfield code="a">Praz, M. Studies in seventeenth-century imagery (2d ed.),</subfield>
      <subfield code="c">473</subfield>
    </datafield>
    <datafield tag="500" ind1=" " ind2=" ">
      <subfield code="a">Imprint: A Amsterdam, chez Adrian Braakman, dans le Beurs straat, prés le Dam à l'Enseigne de la Ville d'Amsterdam. 1698.</subfield>
    </datafield>
    <datafield tag="500" ind1=" " ind2=" ">
      <subfield code="a">Colophon: A Amsterdam, de l'imprimerie de Daniel Boulesteys de la Contie, sur le Price-graft proche la Brasserie de l'Elephant blanc. 1698.</subfield>
    </datafield>
    <datafield tag="500" ind1=" " ind2=" ">
      <subfield code="a">With stocklist.</subfield>
    </datafield>
    <datafield tag="530" ind1=" " ind2=" ">
      <subfield code="a">Also available in online version.</subfield>
    </datafield>
    <datafield tag="700" ind1="1" ind2=" ">
      <subfield code="a">Baudoin, Jean,</subfield>
      <subfield code="d">1590?-1650.</subfield>
      <subfield code="1">https://id.oclc.org/worldcat/entity/E39PBJmMYqmk6xKWtdRrTH4wmd</subfield>
    </datafield>
    <datafield tag="700" ind1="1" ind2=" ">
      <subfield code="a">De Bie, Jacques,</subfield>
      <subfield code="d">1581-approximately 1650.</subfield>
      <subfield code="1">https://id.oclc.org/worldcat/entity/E39PCjGMKXt4G9vQrby8BkgP6X</subfield>
    </datafield>
    <datafield tag="700" ind1="1" ind2=" ">
      <subfield code="a">Braakman, Adriaan,</subfield>
      <subfield code="e">bookseller.</subfield>
      <subfield code="4">bsl</subfield>
    </datafield>
    <datafield tag="700" ind1="1" ind2=" ">
      <subfield code="a">Boulesteys de La Contie, Daniel,</subfield>
      <subfield code="d">-1727,</subfield>
      <subfield code="e">printer.</subfield>
      <subfield code="4">prt</subfield>
      <subfield code="1">https://id.oclc.org/worldcat/entity/E39PCjFXhWJh8wVJKkWBV9X6JC</subfield>
    </datafield>
    <datafield tag="776" ind1="0" ind2="8">
      <subfield code="i">Online version:</subfield>
      <subfield code="t">Iconologie où la science des emblèmes, devises, &amp;c. qui apprend à les expliquer dessiner et inventer :</subfield>
      <subfield code="d">A Amsterdam : chez Adrian Braakman [etc.], 1698.</subfield>
    </datafield>
    <datafield tag="936" ind1=" " ind2=" ">
      <subfield code="a">BATCHLOAD</subfield>
    </datafield>
  </record>